000 00505nam a2200169 i 4500
001 104420
003 ES-MaACL
005 20230906183611.0
007 t|
008 051130s1962 ve ||||1| spa d
100 1 _aMillares Carlo, Agustín,
_d1893-1980
_981176
245 1 0 _aLengua latina... /
_cpor Agustín Millares Carlo.
260 _aMaracaibo (Venezuela) :
_bUniversidad de Zulia,
_c1962.
300 _a2 v. ;
_c23 cm.
852 _aES-MaACL
_jE-6281-2
_bR.90501
999 _c104420
_d104420